000 00709nam a22002417a 4500
001 BR7310274
003 BR-BrBNA
005 20240202084511.0
007 ta
008 230509b bl.||||| |||| 00| 0 por d
040 _aBR-BrBNA
_bpor
_cBiblioteca Nacional de Agricultura
041 _a(Por)
072 _aA50; E10
090 _aA50
_bBR7310274
110 1 _aAssociacao de Credito e Assistencia Rural do Amazonas, Manaus (Brasil)
245 1 _aPrograma de pesquisas aplicadas a economia agricola do estado do Amazonas [Brasil]
260 3 _aManaus, AM (Brasil):
_c1973.
300 _a30 p.
650 _aPESQUISA
650 _aPROGRAMA DE PESQUISA
650 _aECONOMIA AGRICOLA
942 _cBK
_2AGRIS
999 _c17314
_d17314